| 000 | 00829nam a2200229 a 4500 | ||
|---|---|---|---|
| 001 | 49368 | ||
| 003 | BD-RjUL | ||
| 005 | 20211209054654.0 | ||
| 008 | 160820s1958 bg |||| ||| 000 0 ben d | ||
| 020 | _c: Tk. 2.50 | ||
| 035 | _a(BD-RjUL)49487 | ||
| 040 |
_aBD-RjUL _bben _cBD-RjUL _dBD-RjUL |
||
| 041 | _aben | ||
| 082 |
_223 _a891.4408 _bBEN 1958 |
||
| 110 | 1 |
_aরাজশাহী বিশ্ববিদ্যালয় _9148731 |
|
| 245 | 1 | 0 | _aবাংলা সম্কলন (পদ্য) |
| 260 |
_aঢাকা : _bওয়ার্সী বুক সেন্টার, _c১৯৫৮ |
||
| 300 |
_a[৬] ১৩৩ পৃ. ; _c২২ সেমি. |
||
| 650 |
_aবাংলা সাহিত্য _9122719 _xসংগ্রহ |
||
| 650 |
_aBengali literature _9116542 _xCollected work |
||
| 942 |
_2ddc _cBK |
||
| 999 |
_c49368 _d49368 |
||